Loading...
| Philosophy | 0 | 6 | 0 | 0 | 60 | 41 | 64.83 | 1 | 6 | 25.37 | 52.12 |
| Science - Physics | 0 | 6 | 1 | 0 | 55 | 43 | 57.33 | 3 | 6 | 27.63 | 52.14 |
| Religion | 0 | 5 | 0 | 0 | 50 | 50 | 62.00 | 1 | 5 | 21.55 | 41.90 |
| Literature - European | 0 | 3 | 0 | 1 | 30 | 21 | 65.00 | 2 | 2 | 14.06 | 21.67 |
| Mythology | 0 | 3 | 0 | 0 | 30 | 28 | 57.67 | 2 | 3 | 15.57 | 23.57 |
| Science - Other | 0 | 3 | 1 | 0 | 25 | 20 | 54.67 | 2 | 3 | 15.07 | 21.67 |
| Fine Arts - Other | 0 | 2 | 0 | 0 | 20 | 81 | 104.00 | 1 | 1 | 3.14 | 11.67 |
| Fine Arts - Painting and Sculpture | 0 | 2 | 0 | 1 | 20 | 32 | 65.00 | 1 | 1 | 7.17 | 11.43 |
| Science - Chemistry | 0 | 2 | 0 | 0 | 20 | 65 | 87.50 | 1 | 2 | 4.83 | 15.00 |
| Social Science | 0 | 2 | 0 | 0 | 20 | 69 | 76.50 | 0 | 2 | 8.62 | 20.24 |
| History - American | 0 | 1 | 0 | 0 | 10 | 72 | 72.00 | 1 | 1 | 4.05 | 10.00 |
| History - World | 0 | 1 | 0 | 0 | 10 | 95 | 95.00 | 0 | 1 | 1.20 | 5.00 |
| Popular Culture | 0 | 1 | 0 | 0 | 10 | 27 | 27.00 | 1 | 1 | 15.54 | 20.00 |
| Science - Biology | 0 | 1 | 0 | 0 | 10 | 58 | 58.00 | 0 | 1 | 4.91 | 8.57 |